000 00881nam a2200253Ia 4500
003 GCL
008 140319s9999 xx 000 0 ara d
020 _a0008679953
040 _aGCL /
_cGCL
082 0 4 _a808.51
_bم ق
100 1 _aموركان، نك
245 1 0 _aقواعد التاثير فى المستمعين : WORKING THE ROOM :
_bكيف تدفع الناس الى العمل من خلال حديثك اليهم /
_cموركان، نك
700 1 _aمها حسن بحبوح
250 _aالاولى
260 _aبيروت :
_bالحوار الثقافى ،
_c2005
300 _a255 ص ؛
_c24 سم
650 0 4 _aالفصاحة
650 0 4 _aالاتصال الجماهيرى
650 0 4 _aالقاء الخطب
650 0 4 _aالخطب المرتجلة
650 0 4 _aفن الخطابة
650 0 4 _aالاتصال الثقافى
942 _2ddc
_cBK
999 _c7937
_d7937